000 00306nam a2200121Ia 4500
008 191201s2008 xx 000 0 und d
100 _aSUMAN, Hansraj
245 0 _aSting Operation : Sach Ka Aaina
260 _aN. Delhi
_bNatraj prakashan
_c2008
300 _a448
650 _aGeneral Books
942 _2ddc
_cBK
999 _c721
_d721